| 000 | 00741nam a22001697a 4500 | ||
|---|---|---|---|
| 008 | 260703s2014 mx aoce|r|||| 001 0 spa d | ||
| 040 | _bspa | ||
| 100 | _aVEGA MARTINEZ, JAIME | ||
| 245 |
_aCIVITAS DEL CIVITAS HOMINIS: CIUDAD DE DIOS, CIUDAD DEL HOMBRE _bLOS ARTIFICES DEL PATRIMONIO QUERETANO |
||
| 300 |
_a461 _c28.5 cm x 24.5 cm |
||
| 336 |
_2rdacontent _atexto _btxt |
||
| 337 |
_2rdamedia _asin mediación _bn |
||
| 338 |
_2rdacarrier _avolumen _bnc |
||
| 505 | _aOBRA QUE EXPLORA LA RELACIÓN ENTRE LA DIMENSIÓN ESPIRITUAL Y LA MATERIAL EN LA CONSTRUCCIÓN DEL PATRIMONIO CULTURAL DE QUERÉTARO. | ||
| 650 |
_aGEOGRAFÍA E HISTORIA _vHISTORIA GENERAL DE AMÉRICA DEL NORTE _xMESOAMÉRICA (AMÉRICA MEDIA) MÉXICO |
||
| 942 |
_2ddc _cCOLQ |
||
| 999 |
_c68748 _d68748 |
||